01951nam a22003617a 4500003000400000005001700004008004100021040002200062082001400084100004100098245004800139260005300187300001900240366000800259366000800267490002300275505027300298505006700571505022000638505014700858650004601005650005001051650004401101650004801145650004301193650004401236650005301280650004701333650004501380942002501425999001501450952012401465OSt20230421083710.0221006b |||||||| |||| 00| 0 eng d cBiblioteca Lado V a700bZ39a 9802aZaya, Antonioeeditoredirector aAtalantica/bRevista de Arte y Pensamiento/ bCentro Atlantico de Arte Modernoc1994aEspaña c24x30cma176p. efre eeng v1994x1132-8428a6 tTerritoriosaManuela Saenz, baila con Giuseppe Epitafio para Maria Kodama Desde la Habana Antropocentrismo Puedo expresarlo como quiera Una accion en el SIDA Cristino de Vera El maestro SOW Fotografia ilimitada e inalcanzable CAPELAN Acciones fotográficas  tNexusaOscar Dominguez y la decalcomania del deseo AFRICAMIRA tRevistaaFernando Alamo El Nuevo Pasado Nuevas perspectivas para viejos sueños Juan Jose Gil Proyecto para Atlantica La f(r)actura del Totem Rafael Monagas Carmen Cologan Castejon Proyecto para Atlantica  tRevistaaArte Africano La Cultura Cubana con Sabor Proyecto de Iraida La Justicia o la Coreografia del Equilibrio De Colombia. Arte Actual 2Tesauro de Arte & ArquitecturaaARTE9703 2Tesauro de Arte & ArquitecturaaEXPOSICIONES  2Tesauro de Arte & ArquitecturaaCULTURA 2Tesauro de Arte & ArquitecturaaAPRECIACION 2Tesauro de Arte & ArquitecturaaTEORIA 2Tesauro de Arte & ArquitecturaaCRITICA 2Tesauro de Arte & ArquitecturaaFOTOGRAFIA 9702 2Tesauro de Arte & ArquitecturaaLITERATURA 2Tesauro de Arte & ArquitecturaaESPAÑA 2ddcc1h700iZ39an0 c3412d3412 00102ddc3199440708RevistasaLVbLVd2023-04-21h6i003561l0o700 Z39ap003561r2023-04-21 00:00:00w2023-04-21y1